00934nam a2200229 a 4500001001000000003000500010005001700015008004100032010001100073011001100084040000900095100003200104245019100136260004100327500006000368502007700428650004600505650002500551650002600576650003200602856007000634000114141CHAP20220329144428.0171107s2017 mx sm |||||||spa d a110602 a111574 cCHAP1 aOrozco Balbuena, Diego Ivan10aEfecto de vermicomposta en combinación con efluente para mejorar la producción de frijol (Phaseolus vulgaris L.) en condiciones de temporalh[En línea]cOrozco Balbuena Diego Ivan. aChapingo, Méx. :bEl autor,c2017. aPara ver el contenido del material haga clic en la liga aTesis (Ing. Agr. Esp. en Fitotecnia) -- UACH. Departamento de Fitotecnia14aFertilizantes biológicosxAplicación.14aFrijolxRendimiento.14aFrijolzProducción.14aVermicompostxAplicación. aFinding aiduhttp://10.13.5.2/tesis/sist114141.pdfzTeclea aquí